00322 a2200133 4500245009200000100001500092700002000107700001500127260000900142300001000151035000900161035000900170035000900179 aOstéopathies déminéralisantes : à l'exception des ostéopathies endocriniennes aEpiney, J. aCourvoisier, B. aMartin, E. c1969 a63 p. a0319 a0320 a7885